000 00255nam a22001217a 4500
008 171031b xxu||||| |||| 00| 0 eng d
041 _aeng
080 _a33
100 _a58
101 _aBUS
245 _aCITIES AND HOUSING
_cMUTH,R.F
942 _2udc
_cBK
999 _c36630
_d36630